00291nam a22001097a 4500082003300000100002200033245001800055260005000073300001300123526003700136650000800173 a940.548bMACcL-30-II, P-151 aDouglas MacArthur aReminiscences aNew DelhibNatraj Publishers, Dehra Dunc1979 a438 P, : a0b0c0d940_548000000000000_MAC aMCE